<?xml version="1.0" encoding="UTF-8"?>
<record
    xmlns:xsi="http://www.w3.org/2001/XMLSchema-instance"
    xsi:schemaLocation="http://www.loc.gov/MARC21/slim http://www.loc.gov/standards/marcxml/schema/MARC21slim.xsd"
    xmlns="http://www.loc.gov/MARC21/slim">

  <leader>01683    a2200205   4500</leader>
  <controlfield tag="001">30892</controlfield>
  <controlfield tag="005">20260407155617.0</controlfield>
  <controlfield tag="008">260407a1957    arg                 spa d</controlfield>
  <controlfield tag="003">AR-UNSa-BCEJYS</controlfield>
  <datafield tag="040" ind1=" " ind2=" ">
    <subfield code="a">AR-UNSa-BCEJYS</subfield>
    <subfield code="b">spa</subfield>
    <subfield code="c">AR-UNSa-BCEJYS</subfield>
  </datafield>
  <datafield tag="080" ind1=" " ind2=" ">
    <subfield code="a">657</subfield>
    <subfield code="x">Contabilidad</subfield>
  </datafield>
  <datafield tag="245" ind1="1" ind2="0">
    <subfield code="a">Contabilidad industrial</subfield>
  </datafield>
  <datafield tag="264" ind1=" " ind2="1">
    <subfield code="a">Barcelona :</subfield>
    <subfield code="b">Labor</subfield>
    <subfield code="c">1957</subfield>
  </datafield>
  <datafield tag="505" ind1=" " ind2=" ">
    <subfield code="a">1. La ecuaci&#xF3;n contable - 2. Rendimientos y gastos - 3. La cuenta; cargos; an&#xE1;lisis de las operaciones - 4. El diario - 5. El libro mayor - 6. Diarios especiales - 7. El balance de comprobaci&#xF3;n - 8. Criterios contables. Asientos de regularizaci&#xF3;n - 9. El estado a diez columnas - 10. Los documentos contables - 11. Los asientos de cierre - 12. Cuentas generales y mayores auxiliares - 13. Precios de coste de fabricaci&#xF3;n - 14. Naturaleza y fines de la contabilidad industrial - 15. Esquema de plan de costes por lotes de trabajo - 16. Contabilizaci&#xF3;n de la primera materia - 17. Contabilizaci&#xF3;n de la mano de obra - 18. Gastos de fabricaci&#xF3;n. Naturaleza. Acumulaci&#xF3;n. Medida. m&#xE9;todos de distribuci&#xF3;n - 19. La prorrata normal de gastos - 20. Gastos de fabricaci&#xF3;n no aplicados y sobrantes - 21. Prorratas de gastos por secciones - 22. Acabado y venta del producto - 23. Documentos contables y asientos de cierre - 24. La contabilidad como factor de la administraci&#xF3;n de una empresa - 25. La contabilidad como factor de la administraci&#xF3;n de una empresa - 26. La contabilidad como factor de la administraci&#xF3;n de una empresa   </subfield>
  </datafield>
  <datafield tag="942" ind1=" " ind2=" ">
    <subfield code="c">BK</subfield>
  </datafield>
  <datafield tag="590" ind1=" " ind2=" ">
    <subfield code="a">niveau_biblio:m niveau_hierar:0</subfield>
  </datafield>
  <datafield tag="100" ind1="1" ind2=" ">
    <subfield code="a">Serra Murtra, Jorge</subfield>
  </datafield>
  <datafield tag="700" ind1="1" ind2=" ">
    <subfield code="a">Specthrie, Samuel Waldo</subfield>
  </datafield>
  <datafield tag="700" ind1="1" ind2=" ">
    <subfield code="a">Boter Mauri, Fernando</subfield>
  </datafield>
  <datafield tag="999" ind1=" " ind2=" ">
    <subfield code="c">2137</subfield>
    <subfield code="d">2137</subfield>
  </datafield>
  <datafield tag="952" ind1=" " ind2=" ">
    <subfield code="0">0</subfield>
    <subfield code="1">0</subfield>
    <subfield code="4">0</subfield>
    <subfield code="7">0</subfield>
    <subfield code="a">BCEJYS</subfield>
    <subfield code="b">BCEJYS</subfield>
    <subfield code="c">16</subfield>
    <subfield code="d">2026-04-07</subfield>
    <subfield code="l">0</subfield>
    <subfield code="o">657 S741</subfield>
    <subfield code="p">L20193</subfield>
    <subfield code="r">2026-04-07 15:56:17</subfield>
    <subfield code="w">2026-04-07</subfield>
    <subfield code="y">L</subfield>
  </datafield>
</record>
